1792 1847 1862 1299 1180 1632 1868 1042 1206 1599 1794 1282 1099 1604 1345 1357 1152 1185 1243 1805 1626 1866 1102 1324 1407 1329 1977 1671 1167 1097 1214 1650 1659 1381 1318 1325 1623 1437 1099 1034 1684 1708 1976 1737 1653 1655 1289 1234 1139 1851 1802 1401 1366 1150 1601 1972 1548 1946 1057 1666 1517 1578 1626 1754 1428 1222 1780 1656 1463 1611 1991 1348 1261 1062 1977 1028 1049 1298 1419 1440 1657 1078 1285 1583 1540 1811 1775 1069 1452 1354 1860 1921 1990 1584 1272 1256 1686 1366 1067 BCNSPRNW ULIB Ver.6.0+V

เปลี่ยนเป็นภาษาไทย

Change to English
 แสดงรายละเอียดบรรณานุกรม
  กลับหน้าหลัก

Brief Record : Get Marc (ISO 2709) : E-mail record : QR code < ปิดหน้าต่าง
LEADER : 00000nam 2200000uu 4500
001    13399111885
003     ULIB
008    110627s2542||||th 000 0 tha d
020    97478657
060  4 W84.6^bพ798ก 2542
100 0  เพ็ญศรี เปลี่ยนขำ
245 00 การสาธารณสุขมูลฐาน/^cเพ็ญศรี เปลี่ยนขำ
260    กรุงเทพฯ :^bจุฬาลงกรณ์มหาวิทยาลัย,^c2542
300    361 หน้า
650  7 การดำเนินงานสาธารณสุขมูลฐาน
650  7 การนิเทศงานสาธารณสุขมูลฐาน
650  7 การนิเทศงานสาธารณสุขมูลฐานเขตเมือง
650  7 การประกันสุขภาพ
650  7 การพัฒนาคุณภาพชีวิต
650  7 การวินิจฉัยชุมชน
650  7 การส่งเสริมสุขภาพผู้สูงอายุในงานสาธารณสุขมูลฐาน
650  7 การสาธารณสุขในเขตเมือง
650  7 การสาธารณสุขมูลฐานกับการพัฒนาคุณภาพชีวิต
945    ^p0^l0^i014049
945    ^p0^l0^i014050
945    ^p0^l0^i014051
995    ทศพร
999 ^a ใช้งานได้ทุกระบบ
รายการนี้ยังไม่มีแท็ก
คุณยังไม่ได้ล็อกอิน คุณสามารถมีกิจกรรมร่วมกับเว็บไซต์ได้ แต่ต้องล็อกอินก่อน ::
  ล็อกอิน

รายการสื่อสารสนเทศ

ลำดับที่ ประเภท เลขเรียก/บาร์โค้ด สถานที่ สถานะ
- ไม่พบข้อมูล -

รายการใกล้เคียง
    หัวเรื่อง [การพัฒนาคุณภาพชีวิต]

BibComment


ยังไม่เคยถูกคอมเมนท์

คอมเมนท์ทรัพยากรรายการนี้
  คอมเมนท์: การสาธารณสุขมูลฐา..


 Copyright 2026. Bcnsprnw @Library